Kisah Ngumbang dan Berenai

Bibliographic Details
Main Author: Amer Haji Matsom
Corporate Author: Title
Format: Book
Published: Selangor : Hasrat Murni , 2005
Series:Siri cerita rakyat kaum bumi
Subjects:

MARC

LEADER 00000cam a2200000 7i4500
001 0000001002
005 20151222.0
008 070703
020 |a 9830602567 
020 |a 9830602613(set) 
090 0 0 |a JF   |b CT MAL (59) 
100 0 |a Amer Haji Matsom 
245 1 0 |a Kisah Ngumbang dan Berenai   |c Amer Haji Matsom 
260 |a Selangor :   |b Hasrat Murni ,   |c 2005 
440 0 |a Siri cerita rakyat kaum bumi 
500 |a Children ages 7-9 years old (orange) 
650 0 |a Classic tales 
650 0 |a Junior fiction   |x Malay   |x Languages 
710 0 |a Title 
999 |a 0000906571   |b Book   |c Teenagers   |e Cawangan Bandar Tenggara 
999 |a 0000920838   |b Book   |c Children Collection   |e Cawangan Bukit Gambir 
999 |a 0000920839   |b Book   |c Children Collection   |e Cawangan Bukit Gambir 
999 |a 0000920840   |b Book   |c Children Collection   |e Cawangan Bukit Gambir 
999 |a 0000931485   |b Book   |c Children Collection   |e Cawangan Tangkak 
999 |a 0000931486   |b Book   |c Children Collection   |e Cawangan Tangkak 
999 |a 0000931487   |b Book   |c Children Collection   |e Cawangan Tangkak 
999 |a 0000957000   |b Book   |c Children Collection   |e Perbadanan Perpustakaan Awam Johor 
999 |a 0000957001   |b Book   |c Children Collection   |e Cawangan Muar 
999 |a 0000957002   |b Book   |c Children Collection   |e Perbadanan Perpustakaan Awam Johor 
999 |a 0000971475   |b Book   |c Children Collection   |e Perbadanan Perpustakaan Awam Johor 
999 |a 0000971476   |b Book   |c Children Collection   |e Perbadanan Perpustakaan Awam Johor 
999 |a 0000971478   |b Book   |c Children Collection   |e Cawangan Segamat 
999 |a 0000971479   |b Book   |c Children Collection   |e Cawangan Mersing 
999 |a 0001054440   |b Book   |c Children Collection   |e Cawangan Tangkak 
999 |a 0001054441   |b Book   |c Children Collection   |e Cawangan Pontian